Daňové priznanie právnických osôb za rok 2003

Vypĺňanie tlačiva daňového priznania. Komplexný príklad daňového priznania právnických osôb za rok 2003. Položky zvyšujúce hospodársky výsledok alebo rozdiel medzi príjmami a výdavkami. Položky znižujúce hospodársky výsledok alebo rozdiel medzi príjmami a výdavkami. Základ dane alebo daňová strata....

Full description

Saved in:
Bibliographic Details
Main Author: Harumová, Anna, 1955-
Format: Book Chapter
Language:Slovak
Subjects:
Tags: Add Tag
No Tags, Be the first to tag this record!

MARC

LEADER 00000naa$a2200000$$$4500
001 0004936
005 20240502071348.6
041 0 |a slo 
044 |a SK 
245 1 0 |a Daňové priznanie právnických osôb za rok 2003  |c aut. Anna Harumová 
520 |a Vypĺňanie tlačiva daňového priznania. Komplexný príklad daňového priznania právnických osôb za rok 2003. Položky zvyšujúce hospodársky výsledok alebo rozdiel medzi príjmami a výdavkami. Položky znižujúce hospodársky výsledok alebo rozdiel medzi príjmami a výdavkami. Základ dane alebo daňová strata. Položky odpočítateľné od základu dane. Sadzba dane a daň pred uplatnením úľav na dani a uplatnením zápočtu dane zaplatenej v zahraničí. Úľavy na dani. Dodatočné priznanie. Ostatné tabuľky pomocných výpočtov a doplňujúcich údajov. 
610 2 0 |a priznania daňové 
610 2 0 |a osoby právnické 
610 2 0 |a výsledok hospodársky 
610 2 0 |a príjmy 
610 2 0 |a výdavky 
610 2 0 |a základ dane 
610 2 0 |a strata daňová 
610 2 0 |a úľavy daňové 
610 2 0 |a 2003 
100 1 |a Harumová, Anna, 1955-